LEADER 00443nab a2200145 i 4500 001 000000273628 003 CaOOAMICUS 005 20100817000000.0 008 100817n xx uu u0 0und r 013 $a21974 040 $aSeMil$bita 245 10$a[SENZA TITOLO]. 500 $a4 Novembre 1920 - Anno 1. 773 0 $t7. Centenario di S. Domenico, 1221-1921.$dBologna : [s.n.], 1920-1922$w()68822 996 $6245$a[SENZA TITOLO]$9(OLS)http://semarc/title/354609 LEADER 00632nam a2200181 i 4500 001 000000251745 003 CaOOAMICUS 005 20250718084539.0 008 161201s1891 it u000 u ita u 013 $a230650 040 $aSeMil$bita 245 10$a2: Documenti. 300 $a73 p. 773 0 $tAtti e documenti del nono Congresso cattolico italiano tenutosi in Vicenza dal 14 al settembre 1891.$dBologna : [s.n.], 1892.$g2$w()15711 850 $aSeMil 852 $aSeMil$W1$xVenegono$y1$m3N VII 9/2 FA$j202091$B202091$CSeMilBibl$Z2$F214667 $8I 996 $6245$a2: Documenti$9(OLS)http://semarc/title/443710